000 00559nam a22001577a 4500
999 _c1015
_d1015
008 200106b ||||| |||| 00| 0 eng d
082 0 0 _a623.8109041
_bW238
100 _9254
_aWalton, Thomas
245 1 0 _aKnow your own ship : A Simple explanation of the stability, trim, construction, tonnage and free board of ships together with a fully worked out set of the usual ship calculations
_cby Thomas Walton
250 _a26th
260 _aLondon
_bCharles Griffin
_c1951
300 _axiv,446p.
365 _d12.12
650 0 _aNaval Architecture
942 _cBK